000 00326cam a22001217a 4500
008 180718b1966 xxu||||| |||| 00| 0 eng d
082 _aD222x51 W333
100 _aWatson, Francis
245 _aFrontiers of China
_cby Francis Watson
260 _aLondon
_bChatto & Windus
_c1966
300 _a224p
650 _aChina --Boundaries
999 _c426330
_d426330